| 000 | 00579nam a22001817a 4500 | ||
|---|---|---|---|
| 005 | 20250609112521.0 | ||
| 010 | _aENG-145223 | ||
| 020 |
_c695.00 _a9789383649013 |
||
| 035 | _aEN-128755 | ||
| 037 | _bDBAD | ||
| 082 | _a260 | ||
| 100 |
_aWadva, Satjit _981774 |
||
| 245 |
_aUnderstanding Japjee Sahib: _bThe Essence of Guru Granth Sahib/ _cSatjit Wadva |
||
| 260 |
_aNew Delhi _bKW Publishers Pvt Ltd _c2014 |
||
| 270 |
_bNew Delhi _aKW Publishers Pvt Ltd; _e110002 _k91 1143528107 _k91 1143528107 |
||
| 300 |
_a141p. _c19cm(hb) |
||
| 942 |
_2ddc _cEN _h260 _mWAD |
||
| 999 |
_c211651 _d211651 |
||